| 000 | 02115cam a2200301 i 4500 | ||
|---|---|---|---|
| 003 | SA-RiAUC | ||
| 005 | 20250410090754.0 | ||
| 008 | 250409s1980 ku g i f000 0 ara c | ||
| 040 |
_aKW-ShULA _bara _cSA-RiAUC _erda |
||
| 082 | 0 | 4 |
_a258.3 _qSA-RiAUC |
| 090 |
_a258.3 _b و ز ا |
||
| 110 | 1 |
_aالكويت. _bوزارة الأوقاف والشؤون الإسلامية _eمؤلف. |
|
| 245 | 1 | 0 |
_aفهرس شرح المنهاج بحاشيتي الشهاب القليوبي وعميرة البرلسي في الفقه الشافعي : _bفهرس تحليلي ألفبائي لكتاب شرح المنهاج للجلال المحلى وحاشيته / _cوزارة الأوقاف والشؤون الإسلامية. |
| 264 | 1 |
_aالكويت : _bوزارة الأوقاف والشؤون الإسلامية، _c1980 |
|
| 300 |
_a400 صفحة ؛ _c24 سم. |
||
| 336 |
_aنص _btxt _2rdacontent _3كتاب |
||
| 337 |
_aبدون وسيط _bn _2rdamedia |
||
| 338 |
_aمجلد _bnc _2rdacarrier |
||
| 490 | 1 |
_aأعمال موسوعية مساعدة. _aالفهارس والمعاجم الفقهية ؛ _v3 |
|
| 650 | 7 |
_aالفقه الشافعي _vكشافات _2aucsh |
|
| 700 | 1 | 2 |
_iكشاف لـ (عمل) : _aجلال الدين المحلي، محمد بن أحمد بن محمد، _d791-864 هجري. _tكنز الراغبين شرح منهاج الطالبين |
| 700 | 1 | 2 |
_iشرح لـ (عمل) : _aالنووي، يحيى بن شرف بن مري، _d631-676 هجري. _tمنهاج الطالبين وعمدة المفتين |
| 700 | 1 | 2 |
_iتعليق على (عمل) : _aعميرة البرلسي، أحمد البرلسي، _dتوفي 957 هجري. _tحاشية عميرة على شرح منهاج الطالبين |
| 700 | 1 | 2 |
_iتعليق على (عمل) : _aالقليوبي، أحمد بن أحمد بن سلامة، _dتوفي 1069 هجري. _tحاشية القليوبي على كنز الراغبين شرح منهاج الطالبين |
| 830 | 0 |
_aأعمال موسوعية مساعدة. _pالفهارس والمعاجم الفقهية _v1 |
|
| 942 |
_2ddc _cBOOK _n0 |
||
| 949 |
_aSA-JeALM _d250409 _umohamedma123 _n1 |
||
| 999 |
_c6859 _d6859 |
||